Маркета Лазарова

Bibliografiske detaljer
Hovedforfatter: Ванчура В. Владислав
Andre forfattere: Мартемьянова В. (переводчик), Кузнецова Р. (автор предисловия), Бреговской В. (иллюстратор)
Sprog:russisk
Udgivet: Москва, Художественная литература, 1979
Fag:
Format: MixedMaterials Bog
KOHA link:https://koha.lib.tpu.ru/cgi-bin/koha/opac-detail.pl?biblionumber=125237

MARC

LEADER 00000nam0a2200000 4500
001 125237
005 20231101215922.0
035 |a (RuTPU)RU\TPU\book\135520 
090 |a 125237 
100 |a 20071113d1979 m y0rusy50 ca 
101 0 |a rus  |c cze 
102 |a RU 
105 |a a z 000ay 
200 1 |a Маркета Лазарова  |f В. Ванчура  |g пер. с чешского В. Мартемьянова ; авт. предисл. Р. Кузнецова ; худож. В. Бреговской 
210 |a Москва  |c Художественная литература  |d 1979 
215 |a 150 с.  |c ил. 
606 1 |a Чешская литература  |2 stltpush  |3 (RuTPU)RU\TPU\subj\80268  |9 88014 
610 1 |a художественная литература 
610 1 |a романы 
675 |a 885  |v 3 
700 1 |a Ванчура  |b В.  |g Владислав 
702 1 |a Мартемьянова  |b В.  |4 730 
702 1 |a Кузнецова  |b Р.  |4 080 
702 1 |a Бреговской  |b В.  |4 440 
801 1 |a RU  |b 63413507  |c 20071113  |g PSBO 
801 2 |a RU  |b 63413507  |c 20221010  |g RCR 
942 |c BK